000 02336cam a2200157 4500500
005 20260322002100.0
041 _afre
042 _adc
100 1 0 _aHamou, David
_eauthor
245 0 0 _aDel «municipio libre» a la revolución comunalista de 1936. Historia de un proyecto político libertario en España
260 _c2026.
500 _a28
520 _aAunque tanto el municipalismo como el comunalismo son objeto de un número cada vez mayor de estudios académicos, la rica historia de estos conceptos en España sigue estando bastante poco presente en esta literatura. Nuestro artículo pretende reevaluar el papel del autogobierno comunal en los proyectos políticos federalistas republicanos y posteriormente anarquistas, sacando a la luz una larga tradición comunalista en España. Desde las primeras formulaciones utópicas del municipalismo en los círculos republicanos y libertarios del siglo XIX, hasta la teorización del «comunismo libertario» por parte de los anarquistas de la Confederación Nacional del Trabajo (CNT) durante el siglo XX, pasando por la nueva democracia comunal de asambleas surgida durante la Revolución Social de 1936, el proyecto político comunalista español tuvo como horizonte la abolición conjunta del Estado-nación y del capitalismo en favor de una gestión igualitaria y colectiva de los asuntos públicos. Se tratará entonces de volver a las fuentes del pensamiento y la práctica libertarios del «Municipio Libre», con el fin de cuestionar las propuestas actuales de comunalismo. Los debates que han animado los movimientos federalistas en España durante más de un siglo son, en efecto, un recurso valioso para reflexionar sobre cuestiones contemporáneas como la creación de asambleas populares específicamente comunales, la autogestión de los servicios públicos o la articulación entre democracia económica y democracia política. Nuestra contribución pretende demostrar que, al igual que la Comuna de París, la historia inconclusa del «municipio libre» en España también podría convertirse en una fuente de inspiración para las utopías comunalistas de hoy y de mañana.
786 0 _nParticipations | 42 | 2 | 2026-02-05 | p. 61-90 | 2034-7650
856 4 1 _uhttps://shs.cairn.info/revista-participations-2025-2-page-61?lang=es&redirect-ssocas=7080
999 _c1720269
_d1720269